| 000 | 00535nam a22001577a 4500 | ||
|---|---|---|---|
| 003 | macl | ||
| 005 | 20150908115249.0 | ||
| 008 | 150908b xxu||||| |||| 00| 0 eng d | ||
| 040 | _cmacl | ||
| 082 | _a891.433/TIW/S | ||
| 100 |
_a तिवारी, सुरेंद्र _99152 |
||
| 245 | _aनोबेल पुरस्कार विजेताओ की 51 कहानिया | ||
| 260 |
_bआर्य प्रकाशन मंडल _c2009 |
||
| 650 |
_aस्टोरीज _99153 |
||
| 942 |
_2ddc _cHIN |
||
| 999 |
_c50273 _d50273 |
||